000 00873nam a2200229Ia 4500
003 CO-CtgCURN
005 20250410145955.0
008 190722s2004 xx f 000 0 spa d
020 _a9586533670
040 _aCO-CtgCURN
_bspa
_ccoctgcurn
082 _a340.1
_bL864t
100 _aLópez Medina, Diego Eduardo
_91925
245 0 _aTeoría impura del derecho :
_bla transformación de la cultura jurídica latinoamericana /
_cDiego Eduardo López Medina
260 _aBogotá, Colombia :
_bUniversidad de los Andes,
_c2004
300 _a480 páginas ;
_c24 centímetros
504 _aIncluye referencias bibliográficas (p. [467]-480)
521 _aAREA PROFESIONAL
590 _aPrograma de Derecho_18
650 _aTeoria del derecho
_91926
942 _cBK
_h340.1
_iL864t
_2ddc
_n0
999 _c28098
_d28098